Top 20 MLB Prospects for 2023 - Statistics

General Stats
  • This quiz has been taken 109 times
    108 since last reset
  • The average score is 10 of 20
Answer Stats
Rank Position Team Answer % Correct
1 3B/SS Baltimore Orioles Gunnar Henderson
93%
2 OF Arizona Diamondbacks Corbin Carroll
87%
5 SS New York Yankees Anthony Volpe
83%
3 C New York Mets Francisco Álvarez
81%
4 OF/3B St. Louis Cardinals Jordan Walker
74%
10 SS/3B Cincinnati Reds Elly De La Cruz
70%
12 SS Baltimore Orioles Jackson Holliday
65%
7 RHP Baltimore Orioles Grayson Rodriguez
64%
9 SS Boston Red Sox Marcelo Mayer
50%
6 RHP Philadelphia Phillies Andrew Painter
46%
15 OF Arizona Diamondbacks Druw Jones
42%
8 OF Milwaukee Brewers Jackson Chourio
42%
17 OF Washington Nationals James Wood
40%
13 RHP Miami Marlins Eury Pérez
38%
14 C Los Angeles Dodgers Diego Cartaya
30%
11 SS Arizona Diamondbacks Jordan Lawlar
30%
20 RHP Tampa Bay Rays Taj Bradley
29%
19 SS San Diego Padres Jackson Merrill
27%
18 LHP San Francisco Giants Kyle Harrison
25%
16 RHP Cleveland Guardians Daniel Espino
18%
No matching quizzes found
Score Distribution
Percent of People with Each Score
Percentile by Number Answered
Your Score History
You have not taken this quiz since the last reset